000 00478nam a2200181Ia 4500
001 8875
005 20260306160642.0
008 260306t2011||||xx |||||||||||||| ||spa||
041 _aESP
082 _a371.782
_bP89
100 _aPuccinelli Villanueva, María Amalia
_eAUT
245 0 _aNo bullying:
_bmanual de prevención e intervención en la escuela
260 _c2011
300 _a103 páginas :
_c23 cm.
650 _aGEN
654 _aCED
942 _cLIB
_dJUS
_fJUS
_2ddc
_n
999 _c8875
_d8875